Pokémon Letter "C" for each type - Statistics

General Stats
  • This quiz has been taken 13 times
  • The average score is 14 of 18
Answer Stats
Type Pokémon % Correct
Fire Camerupt|Carkol|Centiskorch|Ceruledge|Chandelure|Charcadet|Charizard| Charmander|Charmeleon|Chi-yu|Chimchar|Cinderace|Coalossal|Combusken| Crocalor|Cyndaquil
100%
Grass Cacnea|Cacturne|Calyrex|Capsakid|Carnivine|Celebi|Cherrim|Cherubi|Chesnaught| Chespin|Chikorita|Cottonee|Cradily
90%
Flying Celesteela|Charizard|Chatot|Combee|Corviknight|Corvisquire|Cramorant|Crobat
90%
Fighting Chesnaught|Clobbopus|Cobalion|Combusken|Conkeldurr|Crabominable|Crabrawler| Croagunk
90%
Poison Clodsire|Croagunk|Crobat
90%
Dark Cacturne|Carvanha|Chi-Yu|Chien-Pao|Crawdaunt
80%
Bug Cascoon|Caterpie|Centiskorch|Charjabug|Combee|Crustle|Cutiefly
80%
Normal Castform|Chansey|Chatot|Cinccino|Cyclizar
80%
Steel Celesteela|Cobalion|Copperajah|Corviknight|Cufant
80%
Psychic Calyrex|Celebi|Chimecho|Chingling|Claydol|Cosmeom|Cosmog|Cresselia
70%
Rock Carbink|Carkol|Carracosta|Coalossal|Corsola|Cradily|Cranidos|Crustle
70%
Fairy Carbink|Clefable|Clefairy|Cleffa|Comfey|Cottonee|Cutiefly
70%
Water Carracosta|Carvanha|Chewtle|Chinchou|Clamperl|Clauncher|Clawitzer|Cloyster| Corphish|Corsola|Cramorant|Crawdaunt|Croconaw
70%
Ghost Ceruledge|Chandelure|Cofagrigus|Cursola
70%
Ice Cetitan|Cetoddle|Chien-Pao|Cloyster|Crabominable|Cryogonal|Cubchoo
70%
Ground Camerupt|Claydol|Clodsire|Cubone
60%
Electric Charjabug|Chinchou
50%
Dragon Cyclizar
50%
No matching quizzes found
Score Distribution
Percent of People with Each Score
Percentile by Number Answered
Your Score History
You have not taken this quiz